| 000 | 00728ngm a2200205 a 4500 | ||
|---|---|---|---|
| 005 | 20240921063850.0 | ||
| 008 | 010731s1999 mx 026 aaspa d | ||
| 035 | _aUPN01000110701 | ||
| 049 | _aAV | ||
| 050 | 4 | _aPVI TT 0924 | |
| 245 | 0 | 0 | _aArrazola. |
| 260 |
_aMéxico : _bILCE, _c1999. |
||
| 300 |
_a1 videocasete (VHS) (26 min.) : _bson., col. |
||
| 440 | 0 |
_aPueblos artesanos ; _v2 |
|
| 520 | _aArrazola y otros dos pueblos oaxaqueños se dedican, desde hace 2 décadas, a la talla de la madera. Los alebrijes, son las obras más conocidas de la expresión creativa de estos pueblos | ||
| 650 | 4 |
_aARTESANOS - _zOAXACA _92034 |
|
| 650 | 2 |
_aArtesanías _92069 |
|
| 650 | 2 |
_aArtes y oficios _92772 |
|
| 905 | _aAudiovisuales | ||
| 999 |
_c84610 _d84610 |
||